ბათუმის შოთა რუსთაველის სახელმწიფო უნივერსიტეტის ბიბლიოთეკა

ბათუმის ბოტანიკურ ბაღში მსოფლიო ფლორის IUCN "წითელი ნუსხით" დაცული სახეობების ბიოეკოლოგიური თავისებურებები და ex-siti კონსერვაცია / (ბიბ.ჩანაწერი № 55439)

000 -ლიდერი
ფიქსირებული სიგრძის საკონტროლო ველი 02145nam a2200253Ia 4500
001 - საკონტროლო ნომერი
საკონტროლო ველი 22521
003 - საკონტროლო ნომრის იდენტიფიკატორი
საკონტროლო ველი GE_BSU
005 - ბოლო ოპერაციის თარიღი და დრო
საკონტროლო ველი 20210329173342.0
008 - ფიქსირებული სიგრძის მონაცემთა ელემენტები - ზოგადი ინფორმაცია
ფიქსირებული სიგრძის საკონტროლო ველი 181216s2016||||ge |||||||||||||| ||geo||
040 ## - კატალოგიზაციის წყარო
Transcribing agency GE_BSU
041 ## - ენის კოდი
Language code of text/sound track or separate title geo
080 ## - უნივერსალური ათობითი კლასიფიკაციის ინდექსი
Universal Decimal Classification number 57 ჯ-27
100 ## - მთავარი ჩანაწერი - პიროვნების სახელი
Personal name ჯაყელი, ჯულიეტა
9 (RLIN) 10820
245 ## - ცნობა სათაურის შესახებ
Title ბათუმის ბოტანიკურ ბაღში მსოფლიო ფლორის IUCN "წითელი ნუსხით" დაცული სახეობების ბიოეკოლოგიური თავისებურებები და ex-siti კონსერვაცია /
Statement of responsibility, etc ჯულიეტა ჯაყელი; სამეცნ. ხელმძღვანელი მ. მეტრეველი; ბათუმის შოთა რუსთაველის სახ-ფო უნ-ტი. საბუნებისმეტყველო მეცნიერებათა და ჯანდაცვის ფაკ-ტი. ბიოლოგიის დეპ-ტი.
264 ## - წარმოების, გამოცემის, დისტრიბუციის და სხვა ცნობები
გამოცემის, წარმოების, დისტრიბუციის... ადგილი ბათუმი,
გამოცემის, წარმოების, დისტრიბუციის... თარიღი 2016.
300 ## - ფიზიკური აღწერა
Extent 174გვ.;
Other physical details ილ.,
Dimensions 30 სმ.
300 ## - ფიზიკური აღწერა
Accompanying material ბიბლიოგრ. გვ. 141-153
653 ## - INDEX TERM--UNCONTROLLED
Uncontrolled term ბათუმის ბოტანიკურ ბაღში მსოფლიო ფლორის IUCN "წითელი ნუსხით" დაცული სახეობების ბიოეკოლოგიური თავისებურებები და ex-siti კონსერვაცია
653 ## - INDEX TERM--UNCONTROLLED
Uncontrolled term ბიოლოგია, ეკოლოგია
653 ## - INDEX TERM--UNCONTROLLED
Uncontrolled term დისერტაცია
700 ## - ADDED ENTRY--PERSONAL NAME
Personal name მეტრეველი, მ.
Relator term სამეცნ. ხელმძღვანელი
9 (RLIN) 10672
710 ## - ADDED ENTRY--CORPORATE NAME
Corporate name or jurisdiction name as entry element ბათუმის შოთა რუსთაველის სახ-ფო უნ-ტი;
Subordinate unit საბუნებისმეტყველო მეცნიერებათა და ჯანდაცვის ფაკ-ტი. ბიოლოგიის დეპ-ტი
9 (RLIN) 10821
942 ## - ADDED ENTRY ELEMENTS (KOHA)
Koha item type წიგნი
Source of classification or shelving scheme
ეგზემპლარები
ჩამოწერის სტატუსი დაკარგული ეგზემპლარის სტატუსი კლასიფიკაციის წყარო ან თაროზე გაწყობის სქემა დაზიანების სტატუსი არ გაიცემა მუდმივი მდებარეობა (დაცვის ადგილი) ამჟამინდელი ადგილსამყოფელი თაროზე განთავსების ადგილი შეძენის თარიღი სრული შენახვის შიფრი შტრიხკოდი ბოლო ოპერაციის თარიღი ეგზემპლარის მიმდევრობითი ნომერი (კეტერი?) ფასის ძალაში შესვლის თარიღი ეგზემპლარის სახეობა საჯარო შენიშვნა
          ბათუმის შოთა რუსთაველის სახელმწიფო უნივერსიტეტის მთავარი ბიბლიოთეკა ბათუმის შოთა რუსთაველის სახელმწიფო უნივერსიტეტის მთავარი ბიბლიოთეკა წიგნსაცავი 2018-12-17 57 ჯ-27 276 დისერტ. 2018-12-17 276 2018-12-17 დისერტაცია